| 000 | 00737nam a22002057a 4500 | ||
|---|---|---|---|
| 005 | 20240530110519.0 | ||
| 008 | 160213s2013 ua a f 000 0 ara d | ||
| 020 | _a9789753154888 | ||
| 040 | _aEG-CaGPL | ||
| 082 | 0 | 4 |
_221 _a723.3\ _bس هـ |
| 100 | 0 | _aسليمان عشراتى . | |
| 245 | 1 | 0 |
_aهندسة الحضارة : _bتجليات العمران فى فكر فتح الله كولن / _cسليمان عشراتى . |
| 250 | _aط2. | ||
| 260 |
_aالقاهرة : _bدار النيل للطباعة و النشر ، _c2013. |
||
| 300 |
_a247 ص ؛ _c20 سم . |
||
| 600 | 0 | 4 | _aفتح الله كولن . |
| 650 | 0 | 4 | _aالعمارة الاسلامية . |
| 942 |
_2ddc _cBK |
||
| 999 |
_c61842 _d61842 |
||